| 000 | 00485nam a2200193Ia 4500 | ||
|---|---|---|---|
| 003 | GCL | ||
| 008 | 140319s9999 xx 000 0 eng d | ||
| 040 |
_aGCL / _cGCL |
||
| 082 | 0 | 4 |
_a747.747 _bN K |
| 100 | 1 | _aNIESEWARD, NONIE | |
| 245 | 1 | 0 |
_aKITCHENS AND DINNING ROOMS / _cNIESEWARD, NONIE |
| 260 |
_a[S.N] : _bCONRAN OCTOPUS ، _c1996 |
||
| 300 | _a79 P | ||
| 650 | 0 | 4 | _aINTERIOR DECORATION |
| 650 | 0 | 4 | _aART |
| 650 | 0 | 4 | _aKITCHENS |
| 650 | 0 | 4 | _aDINNING ROOMS |
| 942 |
_2ddc _cBK |
||
| 999 |
_c13694 _d13694 |
||